| 000 | 00467nam a2200145Ia 4500 | ||
|---|---|---|---|
| 003 | OSt | ||
| 005 | 20260123124633.0 | ||
| 008 | 211028s2016 xx 000 0 und d | ||
| 040 | _cAIMIT LIBRARY | ||
| 041 | _aeng | ||
| 100 |
_aD Souza, Rachel Smitha; D Souza, Rayan Joseph. _g1416116 _97536 |
||
| 245 | _aStudy on effectiveness of recuitment and selection at Manipal digital systems Manipal / | ||
| 260 |
_aMangalore _bRayan Joseph D Souza. _c2016 |
||
| 942 |
_2ddc _cPRO |
||
| 999 |
_c219104 _d219104 |
||